000 00414nam a2200145Ia 4500
008 230711s9999||||xx |||||||||||||| ||und||
041 _aENG
082 _a720
_bJO-A
100 _aSt John Wilson Colin
245 0 _aArchitectural reflections : Studies in the philosophy and practice of Architecture
260 _c1992
_aNew York
_bButterworth-Heinemann Ltd
300 _a240
650 _aArchitecture
942 _cBK
999 _c2467
_d2467